01460cam a22003131 4500001001300000003000400013005001700017008004100034010001700075035001900092040004600111042001200157043001200169050002400181100003200205245009200237260014400329300003800473410005500511500006000566501021900626504002800845650005700873650005800930650005300988651003801041700005001079999001701129gs 65000173 DLC20260227111416.0780720s1965 dcuab b f000 0 eng c ags 65000173  a(OCoLC)4071062 aU.S. Geol. Survey. Libr.cCLSdOCoLCdDLC apremarc an-us-nm00aTC801b.U2 no. 17661 aWest, Samuel Wilson,d1921-14aThe water supply of El Morro National Monument /cby Sam W. West and Helene L. Baldwin. a[Washington :bU.S. Dept. of the Interior, Geological Survey :bfor sale by the Superintendent of Documents, U.S. Govt. Print. Off.,c1965] av, 32 p. :billus., map ;c24 cm.20aGeological Survey (U.S.)tWater-supply paperv1766 aPrepared in cooperation with the National Park Service. aCopy 3 with : Ground-water geology of the Dickson, Lawrenceburg, and Waverly areas in the western Highland Rim, Tennessee. Washington : U.S. Govt. Print. Off., 1964. Bound together subsequent to publication.5DLC aBibliography: p. 30-32. 0aGroundwaterzNew MexicozEl Morro National Monument. 0aWater-supplyzNew MexicozEl Morro National Monument. 0aGeologyzNew MexicozEl Morro National Monument. 0aEl Morro National Monument (N.M.)1 aBaldwin, Helene Louise,d1920-ejoint author. c30005d30005